| 000 | 00535nam a2200217Ia 4500 | ||
|---|---|---|---|
| 003 | OSt | ||
| 005 | 20220927113220.0 | ||
| 006 | a|||||r|||| 00| 0 | ||
| 007 | ta | ||
| 008 | 220926b |||||||| |||| 00| 0 eng d | ||
| 024 | _a12658 | ||
| 037 | _cTextbook | ||
| 040 |
_aRTL _cRTL _beng |
||
| 041 |
_2eng _aeng |
||
| 082 | _a"X:76:B, L6/TD1" | ||
| 100 |
_aWEINTRAUB Sidney _9385645 |
||
| 245 | 0 | _aPrice theory | |
| 260 | _c1976 | ||
| 942 |
_h"X:76:B, L6/TD1" _cCC |
||
| 999 |
_c701801 _d701801 |
||